000 00894nam a2200253Ia 4500
003 OSt
005 20221005113326.0
006 a|||||r|||| 00| 0
007 ta
008 221004b |||||||| |||| 00| 0 pan d
020 _a9788130204345 (hbk)
_cINR 850.00
024 _a65010
037 _bSP/5335, 28/01/2020, Star Publications Pvt. Ltd.
_cTextual
040 _aCRL
_cCRL
_bpan
041 _2pan
_apan
082 _aV2:51.N5, 153Q9
100 _aਗਰੇਵਾਲ, ਜੇ. ਐਸ., ਂਚ.
245 0 _aਫ਼ਦਰ ਲਹਿਰ
260 _aਪਟਿਆਲਾ
_bਪਬਲੀਕੇFਨ ਬਿਊਰੋ ਭਾਰਤ
_c2019
300 _a505ਪ੍ਰ0
_ccm.
650 _aਇਤਿਹਾਸ
942 _hV2:51.N5, 153Q9
_cTEXL
_2cc
999 _c1027807
_d1027807